[Event "Stockholm Hotel N IM 2nd"]
[Site "Upplands Vasby"]
[Date "2025.05.06"]
[Round "7"]
[White "Sorensen, Hampus"]
[Black "Berezjuk, Sergej"]
[Result "1-0"]
[WhiteElo "2435"]
[BlackElo "2349"]
[PlyCount "91"]
[EventDate "2025.05.03"]
[EventType "tourn"]
[EventRounds "9"]
[EventCountry "SWE"]
[EventCategory "1"]
[SourceTitle "CB19_2025"]
[SourceDate "2025.05.07"]
[SourceVersion "1"]
[SourceVersionDate "2025.05.07"]
[SourceQuality "1"]

1. d4 d5 2. Bf4 Nf6 3. e3 e6 4. Nf3 c5 5. Nbd2 Nc6 6. c3 Nh5 7. Bg5 f6 8. Bh4 g6 9. Bd3 cxd4 10. cxd4 Bd6 11. 0-0 0-0 12. a3 Rf7 13. Nb3 g5 14. Ne1 Ng7 15. Bg3 Bxg3 16. hxg3 f5 17. Bb5 Ne7 18. Nc5 Ng6 19. Ncd3 Bd7 20. Bxd7 Rxd7 21. g4 fxg4 22. Qxg4 h5 23. Qe2 g4 24. e4 dxe4 25. Qxe4 Qf6 26. Nc2 Qf5 27. Qe2 Rc8 28. Rad1 b6 29. Rd2 a5 30. Rfd1 Rcd8 31. a4 Qd5 32. Qe3 Nh4 33. Nf4 Qf5 34. d5 e5 35. Ne2 Qf6 36. Ng3 Nhf5 37. Ne4 Qg6 38. Qc3 Nh4 39. Qxe5 Rf8 40. Nd4 Nf3+ 41. gxf3 gxf3+ 42. Ng3 h4 43. Qe4 Qg5 44. Nxf3 Rxf3 45. Qxf3 hxg3 46. Qxg3 1-0

[Event "Stockholm Hotel N IM 2nd"]
[Site "Upplands Vasby"]
[Date "2025.05.04"]
[Round "3"]
[White "Berezjuk, Sergej"]
[Black "Valcu, Lavinia"]
[Result "1/2-1/2"]
[WhiteElo "2349"]
[BlackElo "2143"]
[PlyCount "87"]
[EventDate "2025.05.03"]
[EventType "tourn"]
[EventRounds "9"]
[EventCountry "SWE"]
[EventCategory "1"]
[SourceTitle "CB19_2025"]
[SourceDate "2025.05.07"]
[SourceVersion "1"]
[SourceVersionDate "2025.05.07"]
[SourceQuality "1"]

1. Nf3 c5 2. b3 d5 3. e3 Nc6 4. Bb5 f6 5. 0-0 e5 6. d4 e4 7. Nfd2 cxd4 8. exd4 f5 9. c4 a6 10. Ba4 Nf6 11. Nc3 Bb4 12. Nxd5 Nxd5 13. cxd5 Qxd5 14. Bxc6+ Qxc6 15. Nc4 Be6 16. Bf4 Bxc4 17. Rc1 Qg6 18. bxc4 Bd6 19. Bxd6 Qxd6 20. Rb1 0-0 21. Rxb7 f4 22. c5 Qf6 23. Rb6 Qg5 24. Kh1 e3 25. Qf3 Rad8 26. Rd6 Rxd6 27. cxd6 exf2 28. Rxf2 Kh8 29. h3 h6 30. d7 Qe7 31. d5 Qxd7 32. Rd2 Qd6 33. Qe4 Rd8 34. Rd4 Kg8 35. Qf5 Kh8 36. Re4 Kg8 37. Re5 Rf8 38. Qe4 f3 39. gxf3 Rxf3 40. Re8+ Rf8 41. Rxf8+ Kxf8 42. Kg2 Kf7 43. Qf5+ Ke7 44. Qe4+ 1/2-1/2